[Event "AUTO-INT-3663"]
[Site "http://www.queenalice.com/game.php?id=1709603"]
[Date "2021.4.26"]
[Round "1"]
[White "Pharaoh"]
[Black "tche_elvio"]
[Result "1-0"]
[WhiteElo "1604"]
[BlackElo "1456"]

1. e4 c5 2. Bc4 Nc6 3. Nf3 e6 4. d3 d6 5. Nc3 a6 6. a3 h6 7. O-O Be7 8. h3 Nf6
9. Be3 b6 10. d4 Bb7 11. d5 exd5 12. exd5 Nd4 13. Bxd4 cxd4 14. Nxd4 O-O 15. Re1
b5 16. Bb3 Nxd5 17. Nxd5 Bxd5 18. Bxd5 Bf6 19. Bxa8 Qxa8 20. c3 Bxd4 21. Qxd4 d5
22. Re5 Qc6 23. Qxd5 Qxd5 24. Rxd5 g5 25. Re1 Kg7 26. b4 f5 27. Re6 Rf7 28. Rxa6
Rf6 29. Rxf6 Kxf6 30. Rxb5 h5 31. a4 1-0

[Event "AUTO-INT-3663"]
[Site "http://www.queenalice.com/game.php?id=1709604"]
[Date "2021.4.26"]
[Round "1"]
[White "tche_elvio"]
[Black "Pharaoh"]
[Result "0-1"]
[WhiteElo "1450"]
[BlackElo "1649"]

1. d4 d5 2. c4 h6 3. Nc3 Nf6 4. g3 Be6 5. Bg2 c6 6. Nf3 dxc4 7. O-O Bf5 8. a3 e6
9. Re1 c5 10. e4 Bh7 11. d5 exd5 12. Nxd5 Nxd5 13. Qxd5 Qxd5 14. exd5+ Kd7 15.
Ne5+ Ke8 16. Nxc4+ Kd7 17. b4 cxb4 18. axb4 Bxb4 19. Bd2 Bc5 20. h4 Bd4 21. Ra2
b5 22. Ne5+ Bxe5 23. Bb4 Bd6 24. Bh3+ f5 25. Bxd6 Kxd6 26. f4 Nd7 27. Ra6+ Kc7
28. Rc6+ Kb7 29. Re7 Rad8 30. Rxg7 Ka8 31. Kf2 Kb7 32. Rf7 Bg6 33. Rg7 Bh7 34.
Rxh6 Kc8 35. Rc6+ Kb8 36. Rh6 Nf8 37. Bxf5 Rxd5 38. Bxh7 Nxh7 39. Rgxh7 Rg8 40.
Rh8 Rdd8 41. Rxg8 Rxg8 42. Rh5 a6 43. Rh6 Kb7 44. Kf3 b4 45. Rh7+ Kb6 46. Rh6+
Kb5 47. Rh5+ Kc4 48. Ra5 Rg6 49. Ra1 b3 50. Rc1+ Kd3 0-1

[Event "AUTO-INT-3681"]
[Site "http://www.queenalice.com/game.php?id=1762913"]
[Date "2021.6.24"]
[Round "1"]
[White "zmanomega"]
[Black "Pharaoh"]
[Result "0-1"]
[WhiteElo "1582"]
[BlackElo "1709"]

1. e4 e5 2. d4 d6 3. d5 h6 4. Bb5+ Bd7 5. Bc4 Nf6 6. f3 a6 7. Nc3 b5 8. Bd3 c6
9. dxc6 Nxc6 10. Nd5 Nxd5 11. exd5 Ne7 12. c4 bxc4 13. Bxc4 Nf5 14. a3 Be7 15.
b4 Qc7 16. Qd3 a5 17. b5 Qb6 18. a4 Rc8 19. Ne2 O-O 20. g4 Nh4 21. f4 Ng2+ 22.
Kd1 Bxg4 23. Kc2 Bxe2 24. Qxe2 Nh4 25. fxe5 Qc5 26. exd6 Bxd6 27. Be3 Qxc4+ 28.
Qxc4 Rxc4+ 29. Kd3 Rcc8 30. h3 Rfe8 31. Rhg1 Nf5 32. Bb6 Bb4 33. Rgf1 Nd6 34.
Rg1 Rc3+ 35. Kd2 Nc4+ 36. Kd1 Rxh3 37. Bd4 Rd3+ 38. Kc2 Ra3 39. Rxa3 Nxa3+ 40.
Kd1 Rd8 41. Rxg7+ Kf8 42. Rh7 Rd6 43. Rh8+ Ke7 44. Be3 Rxd5+ 45. Ke2 h5 46. b6
Rd8 47. Rxh5 Nc4 48. Bg5+ f6 49. Rh7+ Ke6 50. Bf4 Nxb6 51. Rh6 Re8 52. Kf2 Kf5
53. Bc7 Nxa4 54. Kf3 Nc5 55. Rh5+ Kg6 56. Rh4 Re3+ 57. Kxe3 Kg5 58. Rh1 Ne6 59.
Rg1+ Kf5 60. Rf1+ Kg6 61. Ke4 Nxc7 62. Rg1+ Kf7 63. Kf5 Nd5 64. Rc1 Ne7+ 65. Ke4
Ke6 66. Rh1 f5+ 0-1

[Event "AUTO-INT-3681"]
[Site "http://www.queenalice.com/game.php?id=1762914"]
[Date "2021.6.24"]
[Round "1"]
[White "Pharaoh"]
[Black "zmanomega"]
[Result "1-0"]
[WhiteElo "1720"]
[BlackElo "1561"]

1. e4 e5 2. Nf3 d6 3. Bc4 Qf6 4. d3 Be6 5. Bxe6 fxe6 6. Nc3 Ne7 7. Bg5 Qg6 8.
O-O Nbc6 9. Bxe7 Bxe7 10. Nb5 Bd8 11. Re1 a6 12. Nc3 Ne7 13. Qd2 O-O 14. Qg5 b5
15. Qxg6 Nxg6 16. Ng5 Bxg5 17. h3 Nf4 18. Ne2 Nxe2+ 19. Rxe2 Rf6 20. g3 c5 21.
h4 Bh6 22. g4 Rf3 23. g5 Rh3 24. gxh6 gxh6 25. Kg2 Rxh4 26. Rh1 Rg4+ 27. Kf1 Kg7
28. f3 Rg6 29. Reh2 Rf8 30. Rh3 d5 31. c3 d4 32. c4 bxc4 33. dxc4 d3 34. Kf2 Rd8
35. Ke3 a5 36. Rd1 Rg2 37. Rxd3 Rxd3+ 38. Kxd3 Rxb2 39. Rh5 Rxa2 40. Rxe5 Ra3+
41. Ke2 a4 42. Rxc5 Rb3 43. Ra5 a3 44. c5 a2 45. Rxa2 Rc3 46. Ra6 Rxc5 47. Rxe6
h5 48. Rb6 h4 49. Rb1 Kg6 50. Ke3 Kg5 51. Rg1+ Kh5 52. f4 h6 53. e5 Rc3+ 54. Ke4
h3 55. e6 Rc2 56. f5 Kh4 57. Kf4 Rg2 58. Re1 h2 59. Rh1 Kh3 60. e7 Rf2+ 61. Ke5
Kg2 62. Rxh2+ Kxh2 63. f6 Re2+ 64. Kd6 Rd2+ 65. Ke6 Re2+ 66. Kf7 h5 67. e8=Q
Rxe8 68. Kxe8 h4 69. f7 h3 70. f8=Q Kg2 71. Qg8+ Kh2 72. Qg4 1-0

[Event "AUTO-INT-3681"]
[Site "http://www.queenalice.com/game.php?id=1762931"]
[Date "2021.6.24"]
[Round "1"]
[White "Pharaoh"]
[Black "Nigel68"]
[Result "1-0"]
[WhiteElo "1721"]
[BlackElo "1673"]

1. e4 d5 2. e5 d4 3. Nf3 c5 4. Bc4 Nc6 5. Bb5 Qd5 6. Bxc6+ Qxc6 7. d3 f6 8. O-O
Qb6 9. Re1 e6 10. b3 Be7 11. Nbd2 Bd7 12. Nc4 Qc7 13. Bf4 f5 14. Ng5 h6 15. Qh5+
Kd8 16. Nf7+ Kc8 17. Nxh8 Qd8 18. Ng6 Be8 19. Nxe7+ Qxe7 20. Qf3 Kc7 21. Na5 Bc6
22. Nxc6 bxc6 23. a4 g6 24. Qg3 g5 25. Bd2 Kd7 26. h3 Qg7 27. h4 g4 28. f3 Ne7
29. Qf4 h5 30. Qg5 Qf7 31. fxg4 fxg4 32. Rf1 Nf5 33. c3 Rg8 34. Qf4 Qg6 35. g3
Nh6 36. Qxh6 Qe8 37. c4 a5 38. Qh7+ Kc8 39. Bxa5 1-0

[Event "AUTO-INT-3681"]
[Site "http://www.queenalice.com/game.php?id=1762932"]
[Date "2021.6.24"]
[Round "1"]
[White "Nigel68"]
[Black "Pharaoh"]
[Result "1-0"]
[WhiteElo "1700"]
[BlackElo "1735"]

1. e4 e5 2. Nf3 d6 3. Bc4 h6 4. h3 Qf6 5. d3 Ne7 6. Nc3 c6 7. Be3 c5 8. a3 Nbc6
9. Rb1 Be6 10. b4 Bxc4 11. dxc4 b6 12. O-O Ng6 13. Nd5 Qd8 14. c3 Nge7 15. bxc5
dxc5 16. Qa4 Qc8 17. Nxe5 Kd8 18. Nxf7+ Kd7 19. Nxh8 Kd8 20. Nf7+ Ke8 21. Nd6+
Kd7 22. Nxc8 Rxc8 23. Rfd1 Ke6 24. Qa6 Kf7 25. Qb7 Kg8 26. Nxe7+ Nxe7 27. Qxa7
Rc6 28. Rxb6 Nc8 29. Qd7 Rxb6 30. Qxc8 1-0

[Event "AUTO-INT-3681"]
[Site "http://www.queenalice.com/game.php?id=1762933"]
[Date "2021.6.24"]
[Round "1"]
[White "Pharaoh"]
[Black "luiz_gustavo"]
[Result "0-1"]
[WhiteElo "1669"]
[BlackElo "1644"]

1. e4 e5 2. Nf3 Nc6 3. Bb5 a6 4. Bxc6 dxc6 5. d3 Nf6 6. Bg5 h6 7. Bd2 Bg4 8. h3
Bh5 9. g4 Bg6 10. Nc3 Bc5 11. Nxe5 Qd4 12. O-O Qxe5 13. Qe2 O-O-O 14. Be3 Bxe3
15. Qxe3 c5 16. Na4 b6 17. Nc3 Qd4 18. Qxd4 cxd4 19. Ne2 Rhe8 20. f3 Nh7 21. f4
f6 22. f5 Bf7 23. a4 c5 24. Rfc1 Ng5 25. Kh2 c4 26. dxc4 Bxc4 27. Nf4 Rxe4 28.
Nd3 Re2+ 29. Kg1 Kb7 30. Nf4 Re4 31. Nd3 Nxh3+ 32. Kg2 Ng5 33. Nf2 Re2 34. Kg1
Nf3+ 35. Kg2 Bd5 36. Kg3 Rde8 37. Rd1 Nd2 38. Ra3 R8e3+ 39. Rxe3 dxe3 40. Nd3
Be4 41. Nc1 Rg2+ 42. Kf4 Bxc2 43. Re1 Nc4 44. b3 Rf2+ 45. Kg3 Ne5 46. Rxe3 Rf1
47. Ne2 Bd1 48. Kg2 Bxe2 49. Rxe2 Rb1 50. Rd2 Nxg4 51. Rd7+ Kc6 52. Rxg7 Ne3+
53. Kf2 Nxf5 54. Rf7 Rb2+ 55. Ke1 Rxb3 56. Rxf6+ Nd6 57. Rxh6 Ra3 58. Rh4 Re3+
59. Kd2 Re4 60. Rxe4 Nxe4+ 61. Kd3 Nc5+ 62. Kc4 Nxa4 63. Kb4 b5 64. Ka5 Nc5 65.
Kb4 Kb6 66. Kc3 a5 67. Kd4 Nb3+ 68. Kc3 a4 0-1

[Event "AUTO-INT-3681"]
[Site "http://www.queenalice.com/game.php?id=1762934"]
[Date "2021.6.24"]
[Round "1"]
[White "luiz_gustavo"]
[Black "Pharaoh"]
[Result "1-0"]
[WhiteElo "1595"]
[BlackElo "1730"]

1. e4 e5 2. Nf3 d6 3. Nc3 Bg4 4. h3 Bh5 5. g4 Bg6 6. d3 h6 7. Bd2 Ne7 8. Qe2
Nbc6 9. O-O-O f6 10. Bg2 Qd7 11. Kb1 a6 12. Rhe1 O-O-O 13. Be3 d5 14. exd5 Nxd5
15. Nxd5 Qxd5 16. Nh4 Qf7 17. Bxc6 bxc6 18. Qf3 Bh7 19. Qxc6 Rd6 20. Qa4 Qe7 21.
Bc5 Qd7 22. Qxd7+ Rxd7 23. Bxf8 Rxf8 24. Re3 g5 25. Ng2 e4 26. Ne1 exd3 27. Nxd3
Bxd3 28. Rexd3 Rfd8 29. Rxd7 Rxd7 30. Rxd7 Kxd7 31. c4 Kc6 32. Kc2 Kc5 33. Kc3
a5 34. b3 c6 35. a3 Kd6 36. Kd4 c5+ 37. Ke4 Ke6 38. f3 Kd6 39. f4 gxf4 40. Kxf4
Ke6 41. h4 f5 42. g5 h5 43. a4 Kf7 44. Kxf5 Kg7 45. g6 Kg8 46. Kg5 Kf8 47. Kxh5
Kg7 48. Kg5 Kg8 49. h5 Kf8 50. h6 1-0

[Event "AUTO-INT-3684"]
[Site "http://www.queenalice.com/game.php?id=1763718"]
[Date "2021.7.5"]
[Round "1"]
[White "NickThorp"]
[Black "Pharaoh"]
[Result "0-1"]
[WhiteElo "1586"]
[BlackElo "1709"]

1. e4 e5 2. Nf3 d6 3. Nc3 Nf6 4. Bb5+ c6 5. Ba4 b5 6. Bb3 h6 7. d3 Bg4 8. h3 Bh5
9. Qe2 Be7 10. Qe3 O-O 11. Bd2 Bxf3 12. Qxf3 a5 13. O-O a4 14. Bxf7+ Rxf7 15. a3
Nbd7 16. Qg3 Kh7 17. Ne2 Nh5 18. Qg4 Nhf6 19. Qg3 Nh5 20. Qe3 Bg5 21. f4 exf4
22. Qf3 g6 23. Nd4 Qb6 24. Bc3 Ne5 25. Qe2 Ng3 26. Qf2 Nxf1 27. Kxf1 f3 28. Nxf3
Qxf2+ 29. Kxf2 Nxf3 30. gxf3 Bf6 31. Bxf6 Rxf6 32. Rg1 Rb8 33. c3 Rbf8 34. Rg3
g5 35. Ke3 Re6 36. Rg4 d5 37. Kd4 Rxf3 38. exd5 cxd5 39. h4 Rf4+ 40. Rxf4 gxf4
41. Kxd5 Re8 42. Kc5 f3 43. Kxb5 Ra8 44. d4 f2 45. d5 f1=Q+ 46. c4 Qf2 47. c5
Qxb2+ 48. Kc6 Qxa3 49. d6 Rc8+ 50. Kb5 Qxc5+ 51. Kxa4 Rb8 52. d7 Qd4+ 0-1

[Event "AUTO-INT-3684"]
[Site "http://www.queenalice.com/game.php?id=1763719"]
[Date "2021.7.5"]
[Round "1"]
[White "Pharaoh"]
[Black "NickThorp"]
[Result "1/2-1/2"]
[WhiteElo "1720"]
[BlackElo "1646"]

1. e4 e5 2. Nf3 Nc6 3. Bb5 a6 4. Bxc6 dxc6 5. d3 Bg4 6. h3 Bh5 7. Nbd2 Bb4 8. c3
Ba5 9. Nc4 Bb6 10. Nxb6 cxb6 11. g4 Bg6 12. Nxe5 Qf6 13. Nxg6 Qxg6 14. Be3 Nf6
15. Bxb6 O-O 16. Qb3 Rfe8 17. Be3 b5 18. O-O-O h6 19. f4 Nd7 20. Rhg1 Qe6 21.
Qxe6 Rxe6 22. f5 Re5 23. Bf4 Re7 24. Bd6 Ree8 25. Rge1 Nf6 26. e5 Nd5 27. c4
bxc4 28. dxc4 Nb6 29. b3 Rad8 30. Bc7 Rxd1+ 31. Kxd1 Nc8 32. e6 fxe6 33. Rxe6
Rxe6 34. fxe6 Kf8 35. b4 Ke7 36. Be5 g6 37. c5 Kxe6 38. Bf4 g5 39. Bd2 Ne7 40.
Ke2 Nd5 41. Kd3 Ke5 42. a3 Nf6 43. Bc3+ Ke6 44. Kc4 Ne4 45. Bg7 Nf2 46. Bxh6
Nxh3 47. Kd4 Nf2 48. Bxg5 Nxg4 49. a4 Ne5 50. Bf4 Nd7 51. Bg5 Ne5 52. Bf4 Nd7
53. Kc4 Kf5 54. Bc7 Ke6 55. b5 axb5+ 56. axb5 cxb5+ 57. Kxb5 Nxc5 58. Kxc5 Kf5
59. Kd5 Kg6 60. Ke5 Kf7 61. Bd6 Kg6 62. Be7 Kf7 63. Bf6 Kg6 64. Ke6 Kh7 65. Kf7
Kh6 66. Ke6 1/2-1/2

[Event "AUTO-INT-3684"]
[Site "http://www.queenalice.com/game.php?id=1763736"]
[Date "2021.7.5"]
[Round "1"]
[White "Pharaoh"]
[Black "luiz_gustavo"]
[Result "0-1"]
[WhiteElo "1704"]
[BlackElo "1764"]

1. e4 e5 2. Nf3 Nc6 3. Bb5 a6 4. Bxc6 dxc6 5. d3 Bg4 6. h3 Bxf3 7. Qxf3 Qf6 8.
Nd2 Bb4 9. c3 Bc5 10. O-O O-O-O 11. Re1 Qxf3 12. Nxf3 f6 13. Be3 Bb6 14. Bxb6
cxb6 15. Rad1 Ne7 16. d4 Ng6 17. d5 Rd7 18. dxc6 bxc6 19. Rxd7 Kxd7 20. b4 b5
21. Rd1+ Ke6 22. g3 Ne7 23. Nd2 Rd8 24. Kf1 Rd3 25. Ke2 Rxc3 26. Nb1 Rc2+ 27.
Kf1 Rxa2 28. Rd2 Ra1 29. Rd1 f5 30. f3 g6 31. Ke1 Nc8 32. Kd2 Nd6 33. Kc2 Nc4
34. exf5+ gxf5 35. g4 Ne3+ 36. Kc1 Nxd1 37. Kxd1 Rxb1+ 38. Ke2 Rxb4 39. g5 Kf7
40. Ke3 Rc4 41. Kf2 Kg6 42. Kg3 Kxg5 0-1

[Event "AUTO-INT-3684"]
[Site "http://www.queenalice.com/game.php?id=1763737"]
[Date "2021.7.5"]
[Round "1"]
[White "luiz_gustavo"]
[Black "Pharaoh"]
[Result "1-0"]
[WhiteElo "1768"]
[BlackElo "1718"]

1. e4 e5 2. Nf3 d6 3. Nc3 Nf6 4. Bc4 h6 5. d3 a6 6. h3 Nc6 7. Bd2 Na5 8. Bb3
Nxb3 9. axb3 Be7 10. O-O O-O 11. Re1 Be6 12. d4 exd4 13. Nxd4 Bd7 14. Qf3 c5 15.
Nf5 Bxf5 16. exf5 Qd7 17. Na4 Qc7 18. Rad1 b5 19. Nc3 b4 20. Ne4 Nxe4 21. Rxe4
Rfe8 22. Rde1 Qc6 23. Rxe7 Qxf3 24. Rxe8+ Kh7 25. gxf3 Ra7 26. R1e7 Rxe7 27.
Rxe7 f6 28. Ra7 1-0

[Event "AUTO-INT-3684"]
[Site "http://www.queenalice.com/game.php?id=1763738"]
[Date "2021.7.5"]
[Round "1"]
[White "Pharaoh"]
[Black "Ruusgugg"]
[Result "1-0"]
[WhiteElo "1716"]
[BlackElo "1390"]

1. e4 e5 2. Nf3 c5 3. Bc4 g5 4. d3 g4 5. h3 gxf3 6. Qxf3 f6 7. Qh5+ Ke7 8. Qf7+
Kd6 9. Qd5+ Kc7 10. Be3 b6 11. Qxa8 Nc6 12. Bd5 Nge7 13. Bxc6 Nxc6 14. Nc3 Qe7
15. Nd5+ 1-0

[Event "AUTO-INT-3684"]
[Site "http://www.queenalice.com/game.php?id=1763739"]
[Date "2021.7.5"]
[Round "1"]
[White "Ruusgugg"]
[Black "Pharaoh"]
[Result "0-1"]
[WhiteElo "1371"]
[BlackElo "1719"]

1. e4 e5 2. c4 Nf6 3. Nc3 Bb4 4. a4 Bxc3 5. dxc3 d6 6. f3 Be6 7. g4 Qd7 8. g5
Ng8 9. b4 Qc6 10. b5 Qd7 11. h4 Ne7 12. f4 Qd8 13. h5 h6 14. g6 fxg6 15. hxg6
exf4 16. Qb3 Nxg6 17. Nf3 Ne5 18. Nxe5 dxe5 19. Bb2 Nd7 20. Bh3 Qh4+ 21. Kd1
Bxh3 22. Kd2 Qf2+ 23. Kd3 Nc5# 0-1

[Event "AUTO-INT-3663"]
[Site "http://www.queenalice.com/game.php?id=1764066"]
[Date "2021.7.10"]
[Round "2"]
[White "Pharaoh"]
[Black "fpferreira"]
[Result "0-1"]
[WhiteElo "1671"]
[BlackElo "2042"]

1. e4 e5 2. Nf3 d6 3. Bc4 Nf6 4. d3 Nc6 5. Ng5 Be6 6. Bxe6 fxe6 7. Nxe6 Qe7 8.
Nxf8 Rxf8 9. Nc3 O-O-O 10. Be3 Qe6 11. h3 b6 12. O-O Nd4 13. Bxd4 exd4 14. Nb5
Qe5 15. a4 a6 16. Na3 g5 17. Nc4 Qe6 18. Re1 g4 19. h4 Nd7 20. g3 Rf3 21. Nd2
Rf6 22. Rf1 Rdf8 23. Qe2 h5 24. f4 gxf3 25. Nxf3 Qg4 0-1

[Event "AUTO-INT-3663"]
[Site "http://www.queenalice.com/game.php?id=1764067"]
[Date "2021.7.10"]
[Round "2"]
[White "fpferreira"]
[Black "Pharaoh"]
[Result "1-0"]
[WhiteElo "2021"]
[BlackElo "1695"]

1. e4 e5 2. Nf3 d6 3. Nc3 Bg4 4. h3 Bh5 5. g4 Bg6 6. Bb5+ c6 7. Bc4 h6 8. d3 Qa5
9. Bd2 Nd7 10. Nh4 Bh7 11. Qf3 Ngf6 12. Ne2 Qb6 13. Nc3 Qxb2 14. Rb1 Qa3 15.
Rxb7 Nc5 16. Rxf7 Be7 17. Rxg7 Bf8 18. Qxf6 Bxg7 19. Qf7+ Kd8 20. Qxg7 Re8 21.
Qxh7 Qb2 22. O-O Qxc2 23. Nd5 Qxd2 24. Qc7# 1-0

[Event "AUTO-INT-3662"]
[Site "http://www.queenalice.com/game.php?id=1764748"]
[Date "2021.7.19"]
[Round "2"]
[White "Castling"]
[Black "Pharaoh"]
[Result "1-0"]
[WhiteElo "1565"]
[BlackElo "1717"]

1. e4 e5 2. Bc4 Bc5 3. Nf3 d6 4. h3 h6 5. Nc3 Nf6 6. d3 Bb4 7. Bd2 O-O 8. Nd5
Bxd2+ 9. Qxd2 Nxd5 10. Bxd5 c6 11. Bb3 Qf6 12. O-O-O Nd7 13. a3 Nc5 14. Ba2 a6
15. Nh2 Qg6 16. g4 Qf6 17. f3 Ne6 18. Nf1 Qxf3 19. Ne3 Qf6 20. h4 Nf4 21. g5
hxg5 22. h5 Qh6 23. Nf5 Bxf5 24. exf5 Qf6 25. Rdg1 Qxf5 26. h6 gxh6 27. Rxh6
Rad8 28. Rgh1 Kg7 29. Rh7+ Kg8 30. Rh8+ Kg7 31. R1h7+ Kf6 32. Rh6+ Ke7 33. Rxf8
Rxf8 34. d4 e4 35. Qe3 d5 36. Rh1 Ne6 37. c4 Qf4 38. Qxf4 Nxf4 39. Kd2 b6 40.
Ke3 b5 41. cxd5 cxd5 42. Rc1 Kd6 43. Rc5 f5 44. b4 g4 45. Kxf4 Rf7 46. Rxd5+ Ke7
47. Re5+ Kf8 48. Bxf7 Kxf7 49. Rxf5+ Kg6 50. Kxg4 e3 51. Re5 1-0

[Event "AUTO-INT-3662"]
[Site "http://www.queenalice.com/game.php?id=1764749"]
[Date "2021.7.19"]
[Round "2"]
[White "Pharaoh"]
[Black "Castling"]
[Result "0-1"]
[WhiteElo "1692"]
[BlackElo "1571"]

1. e4 e5 2. Nf3 d6 3. Bc4 h6 4. d3 Nc6 5. h3 Nf6 6. Nc3 a6 7. Be3 Qe7 8. O-O Be6
9. Bxe6 Qxe6 10. Qd2 O-O-O 11. a3 Be7 12. Rfd1 Kb8 13. b4 b5 14. Ne2 Nh5 15. Qc3
Nd4 16. Bxd4 exd4 17. Nfxd4 Qd7 18. Qc6 Ka7 19. Qd5 Nf6 20. Qb3 d5 21. e5 Ng4
22. hxg4 Qxg4 23. f3 Qg6 24. Nf4 Qb6 25. Qc3 Bg5 26. Nh3 Be3+ 27. Kf1 Bxd4 28.
Qd2 Bxa1 29. Rxa1 Rhe8 30. Re1 Qd4 31. Qf4 Qxf4 32. Nxf4 g5 33. Nh5 f5 34. Ng7
Rf8 35. Ne6 Kb6 36. Nxf8 Rxf8 37. e6 Re8 38. g3 Re7 39. Re5 f4 40. gxf4 gxf4 41.
Kg2 Kc6 42. d4 Kd6 43. Rf5 Rxe6 44. Rxf4 Re2+ 45. Kg3 Rxc2 46. Rf6+ Kd7 47. Rxa6
Rc6 48. Rxc6 Kxc6 49. Kg4 Kd6 50. Kh5 Ke6 51. Kxh6 Kf5 52. Kg7 Kf4 53. Kf6 Kxf3
54. Ke5 c6 55. Kd6 Ke3 56. Kxc6 Kxd4 57. Kxb5 Kc3 58. a4 d4 59. a5 d3 60. a6 d2
0-1